| 000 | 00331nam a2200133Ia 4500 | ||
|---|---|---|---|
| 005 | 20251222140028.0 | ||
| 008 | 251222s1900||||xx |||||||||||||| ||spa|| | ||
| 020 | _a978-9972-781-19-3 | ||
| 082 | _a306.874/C93 | ||
| 100 | _a"Cuadro Moreno, Osvaldo" | ||
| 245 | 0 | _aCómo preparar hijos triunfadores | |
| 250 | _a5a.ed. | ||
| 942 | _cLIB | ||
| 999 |
_c2868 _d2868 |
||